| 000 | 00340cam a22001097a 4500 | ||
|---|---|---|---|
| 008 | 180718b1950 xxu||||| |||| 00| 0 eng d | ||
| 082 | _aT12301x54 IN2s | ||
| 245 |
_aSugar and gur control order _cby Ministry of Agriculture, India |
||
| 260 |
_aDelhi _bMinistry of Agriculture _c1950 |
||
| 300 | _a13p. | ||
| 700 | _aIndia. Ministry of Agriculture | ||
| 999 |
_c427851 _d427851 |
||